| 000 | 00973cam a2200277 a 4500 | ||
|---|---|---|---|
| 999 |
_c128227 _d128227 |
||
| 001 | 1405428 | ||
| 003 | ARRUPE | ||
| 005 | 20180920160744.0 | ||
| 008 | 830601s1983 ilu b 001 0 eng | ||
| 010 | _a 83005064 | ||
| 020 | _a0226777030 | ||
| 040 |
_aDLC _cDLC _dDLC |
||
| 050 | 0 | 0 |
_aJC71.P62 _bS87 1983 |
| 082 | 0 | 0 |
_a320/.01 _219 |
| 100 | 1 |
_aStrauss, Leo. _942455 |
|
| 245 | 1 | 0 |
_aStudies in Platonic political philosophy / _cLeo Strauss ; with an introduction by Thomas L. Pangle. |
| 260 |
_aChicago : _bUniversity of Chicago Press, _cc1983. |
||
| 300 |
_avii, 260 p. ; _c24 cm. |
||
| 500 | _a"Leo Strauss, 1899-1973, a bibliography": p. 249-258. | ||
| 500 | _aIncludes index. | ||
| 600 | 0 | 0 |
_aPlato _xPolitical and social views. _99280 |
| 650 | 0 |
_aPolitical science _zGreece _xHistory. _942456 |
|
| 650 | 0 |
_aPolitical science _xHistory. _942457 |
|
| 650 | 0 |
_aJewish philosophy. _942458 |
|
| 906 |
_a7 _bcbc _corignew _d1 _eocip _f19 _gy-gencatlg |
||
| 942 |
_2lcc _cMONOGRAPH |
||